1250 1205 1498 1924 1789 1542 1776 1950 1046 1777 1113 1514 1057 1242 1260 1998 1858 1436 1478 1352 1164 1755 1366 1853 1476 1766 1139 1321 1367 1383 1414 1138 1585 1628 1935 1328 1876 1039 1788 1655 1522 1853 1701 1859 1737 1695 1623 1423 1408 1270 1031 1441 1682 1148 1373 1733 1223 1558 1758 1992 1659 1646 1520 1490 1120 1270 1358 1058 1193 1508 1009 1462 1826 1157 1437 1079 1836 1378 1795 1284 1627 1066 1266 1024 1331 1025 1774 1574 1509 1183 1881 1041 1988 1071 1286 1697 1910 1899 1888 BCNSPRNW ULIB Ver.6.0+V

เปลี่ยนเป็นภาษาไทย

Change to English
 แสดงรายละเอียดบรรณานุกรม
  กลับหน้าหลัก

Brief Record : Get Marc (ISO 2709) : E-mail record : QR code < ปิดหน้าต่าง
LEADER : 00000nam 2200000uu 4500
001    13399111955
003     ULIB
008    110712s2551||||th 000 0 tha d
020    9789746520560
050  4 GV546^bว436ว 2551
100 0  วันใหม่ ประพันธ์บัณฑิต
245 10 เวท เทรนนิ่ง =^bWeight training /^cวันใหม่ ประพันธ์บัณฑิต
246 31 Weight training
250    พิมพ์ครั้งที่ 1
260    กรุงเทพฯ :^bไอกรุ๊ปเพรส,^c2551
300    xvi, 235 หน้า :^bภาพประกอบ ;^c26 ซม.
650  4 การยกน้ำหนัก
650  4 การฝึกน้ำหนัก
650  4 การฝึกยกน้ำหนัก
650  4 การออกกำลังกาย
945    ^p350^l0^i026273
945    ^p350^l0^i026274
945    ^p350^l0^i026275
995    ทศพร
999 ^a ใช้งานได้ทุกระบบ
รายการนี้ยังไม่มีแท็ก
คุณยังไม่ได้ล็อกอิน คุณสามารถมีกิจกรรมร่วมกับเว็บไซต์ได้ แต่ต้องล็อกอินก่อน ::
  ล็อกอิน

รายการสื่อสารสนเทศ

ลำดับที่ ประเภท เลขเรียก/บาร์โค้ด สถานที่ สถานะ
- ไม่พบข้อมูล -

รายการใกล้เคียง
    หัวเรื่อง [การยกน้ำหนัก]
    หัวเรื่อง [การออกกำลังกาย]

BibComment


ยังไม่เคยถูกคอมเมนท์

คอมเมนท์ทรัพยากรรายการนี้
  คอมเมนท์: เวท เทรนนิ่ง Wei..


 Copyright 2026. Bcnsprnw @Library